| 000 | 00459nam a2200181Ia 4500 | ||
|---|---|---|---|
| 005 | 20250423095444.0 | ||
| 008 | 250422s9999 xx 000 0 und d | ||
| 020 | _a9789780328405 | ||
| 050 | _aP 90 .F86/ | ||
| 100 | _aEdited by Wilson Des | ||
| 245 | 0 | _aFundamentals of human communication | |
| 260 | _aIbadan | ||
| 260 | _bStirling-Horden Publisher (Nig) Ltd. | ||
| 260 | _c2006 | ||
| 300 | _a241 p | ||
| 650 | _a Communication. | ||
| 942 | _cBK | ||
| 999 |
_c30327 _d30327 |
||